Countries John Magufuli has visited - Statistics

General Stats
  • This quiz has been taken 20 times
    13 since last reset
  • The average score is 5 of 8
Answer Stats
Continent Country % Correct
Africa Kenya
100%
Africa Uganda
100%
Africa South Africa
83%
Africa Rwanda
67%
Africa Ethiopia
50%
Africa Zimbabwe
50%
Africa Malawi
17%
Africa Namibia
0%
No matching quizzes found
Score Distribution
Percent of People with Each Score
Percentile by Number Answered
Your Score History
You have not taken this quiz since the last reset